| 000 | 00449nam a2200169Ia 4500 | ||
|---|---|---|---|
| 008 | 230718s9999 xx 000 0 und d | ||
| 041 | _aeng | ||
| 082 |
_a616.0754 _bPAP |
||
| 100 |
_aPapp J. _9160234 |
||
| 245 |
_aQuality Management _bIn The Imaging Sciences |
||
| 260 | _bMosby Elsevier | ||
| 300 | _dRef 528 I ME (30132) | ||
| 365 |
_cRs. _b2445.00 |
||
| 500 | _a528 I | ||
| 700 |
_aPapp J. _9160234 |
||
| 906 |
_dB:481218-Jun-2008 _cME INS _b15 |
||
| 999 |
_c318925 _d318925 |
||